| 000 | 01319nam a2200325Ia 4500 | ||
|---|---|---|---|
| 001 | ebr10634436 | ||
| 003 | CaPaEBR | ||
| 006 | m u | ||
| 007 | cr cn||||||||| | ||
| 008 | 091130s2010 sz a s 000 0 eng d | ||
| 010 | _z 2009942366 | ||
| 020 | _z9783034608541 | ||
| 020 | _z9783764399863 (hbk.) | ||
| 020 | _z3764399864 (hbk.) | ||
| 040 |
_aCaPaEBR _cCaPaEBR |
||
| 035 | _a(OCoLC)847594192 | ||
| 050 | 1 | 4 |
_aNA2795.5 _b.S68 2010eb |
| 100 | 1 |
_aSchumacher, Michael, _d1957- |
|
| 245 | 1 | 0 |
_aMove _h[electronic resource] : _barchitecture in motion : dynamic components and elements in architecture / _cMichael Schumacher, Oliver Schaeffer, Michael-Marcus Vogt. |
| 260 |
_aBasel : _bBirkhauser ; _aLondon : _bSpringer [distributor], _c2010. |
||
| 300 |
_a239 p. : _bill. |
||
| 533 |
_aElectronic reproduction. _bPalo Alto, Calif. : _cebrary, _d2013. _nAvailable via World Wide Web. _nAccess may be limited to ebrary affiliated libraries. |
||
| 650 | 0 | _aMotion in architecture. | |
| 650 | 0 |
_aArchitecture _xDetails. |
|
| 655 | 7 |
_aElectronic books. _2local |
|
| 700 | 1 |
_aSchaeffer, Oliver, _d1975- |
|
| 700 | 1 |
_aVogt, Michael-Marcus, _d1972- |
|
| 710 | 2 | _aebrary, Inc. | |
| 856 | 4 | 0 |
_uhttp://site.ebrary.com/lib/rucke/Doc?id=10634436 _zAn electronic book accessible through the World Wide Web; click to view |
| 999 |
_c47806 _d47806 |
||